| 000 | 00427nam a22001817a 4500 | ||
|---|---|---|---|
| 003 | CEME | ||
| 005 | 20210628205201.0 | ||
| 008 | 210210b xxu||||| |||| 00| 0 eng d | ||
| 020 | _a81-7029-809-1 | ||
| 040 | _c. | ||
| 082 | _a005.3-WOR MAM'M | ||
| 100 |
_aMansfield, Rom _974318 |
||
| 245 | _aMastering word 97 | ||
| 260 |
_aNEWDELHI _bBPB _c1997 |
||
| 300 | _a1074P | ||
| 650 |
_a ACC NO-31053 _974319 |
||
| 942 |
_cBK _2ddc |
||
| 999 |
_c579865 _d579865 |
||